000 00531nam a2200169Ia 4500
003 GCL
008 140319s9999 xx 000 0 ara d
040 _aGCL /
_cGCL
082 0 4 _a928.24
_bس ج
100 1 _aسهيل بديع بشروئى
245 1 0 _aجيمس جويس 1882 - 1941 فى الذكرى المئوية لمولدة /
_cسهيل بديع بشروئى
490 _a
650 0 4 _aالادب الانجليزى
650 0 4 _aالادباء الانجليزيون
650 0 4 _aجيمس جويس
942 _2ddc
_cBK
999 _c45531
_d45531